[Event "Titled Tue 3rd Jan Late"]
[Site "chess.com INT"]
[Date "2025.06.03"]
[Round "10"]
[White "Fadi, Marko"]
[Black "Qin, Kevin"]
[Result "0-1"]
[WhiteTitle "FM"]
[WhiteElo "2244"]
[BlackElo "2017"]
[WhiteFideId "10605371"]
[BlackFideId "2627949"]
[EventDate "2025.06.03"]

1. c4 g5 2. Nc3 Bg7 3. g3 c5 4. Bg2 Nc6 5. d3 d6 6. Bxg5 h6 7. Bd2 Nf6 8. Nf3 e5
9. O-O Be6 10. Ne1 h5 11. h4 Qd7 12. Nc2 Ng4 13. Nd5 f5 14. Bg5 O-O 15. Rb1 a5
16. Nb6 Qf7 17. Nxa8 Rxa8 18. b3 f4 19. a3 Rf8 20. b4 axb4 21. axb4 Qc7 22. bxc5
dxc5 23. Qc1 b6 24. Qb2 fxg3 25. fxg3 Rxf1+ 26. Bxf1 e4 27. Bf4 Be5 28. Qc1 e3
29. Bxe5 Ncxe5 30. Qe1 Bc8 31. Bg2 Bb7 32. Bxb7 Qxb7 33. Qf1 Qc7 34. Qg2 Kg7 35.
Rf1 Ng6 36. Qf3 Qe5 37. Qf5 Qxg3+ 0-1

[Event "Titled Tue 3rd Jan Late"]
[Site "chess.com INT"]
[Date "2025.06.03"]
[Round "10"]
[White "Avila, Lucas"]
[Black "Yevchenko, Oleksandr"]
[Result "1/2-1/2"]
[BlackTitle "CM"]
[WhiteElo "2182"]
[BlackElo "2276"]
[WhiteFideId "107751"]
[BlackFideId "14108267"]
[EventDate "2025.06.03"]

1. e4 c5 2. Nf3 d6 3. d4 cxd4 4. Qxd4 Nc6 5. Qe3 Nf6 6. h3 g6 7. c4 Bg7 8. Nc3
O-O 9. Be2 Nb4 10. Qd2 a6 11. O-O Qc7 12. Rb1 Be6 13. b3 Rac8 14. Bb2 Nc6 15.
Rbc1 Qb8 16. Rfd1 Rfd8 17. Qe3 Qa7 18. Qxa7 Nxa7 19. Nd4 Bd7 20. Bf1 Nc6 21.
Nxc6 Bxc6 22. f3 Nd7 23. Rc2 Kf8 24. Nd5 Bxb2 25. Rxb2 Bxd5 26. cxd5 Rc3 27. Kf2
Rdc8 28. Bd3 g5 29. Ke2 h6 30. Kd2 Ne5 31. Bf1 f6 32. Be2 Kf7 33. Rdb1 h5 34.
Bd1 Rd3+ 35. Ke2 Rdc3 36. Kd2 Rd3+ 37. Ke2 Rdc3 38. Kd2 1/2-1/2

[Event "Titled Tue 3rd Jan Late"]
[Site "chess.com INT"]
[Date "2025.06.03"]
[Round "10"]
[White "Yurtseven, Melih"]
[Black "Ferriz Barrios, Andres"]
[Result "0-1"]
[WhiteTitle "IM"]
[BlackTitle "FM"]
[WhiteElo "2339"]
[BlackElo "2102"]
[WhiteFideId "6312160"]
[BlackFideId "5104467"]
[EventDate "2025.06.03"]

1. e4 e6 2. d3 d5 3. Nd2 Nf6 4. Ngf3 Bc5 5. e5 Nfd7 6. d4 Be7 7. Bd3 c5 8. c3
cxd4 9. cxd4 Nc6 10. O-O a5 11. Re1 Rb8 12. Nf1 b5 13. Ng3 g6 14. Bh6 Qb6 15.
Rc1 Nxd4 16. Nxd4 Qxd4 17. Bxb5 Qxd1 18. Rexd1 Rxb5 19. Rxc8+ Bd8 20. Rdc1 Rb8
21. Rxb8 Nxb8 22. Rc8 Na6 23. Ne2 Kd7 24. Ra8 Nb4 25. a3 Nd3 26. Nc3 Nxb2 27.
Nb5 Nc4 28. Ra7+ Kc6 29. Nd4+ Kc5 30. Nb3+ Kb5 31. Rxf7 Bb6 32. Re7 Nxa3 33.
Rxe6 Nc4 34. Re7 a4 35. Nc1 Bd4 36. e6 a3 37. g3 Bb2 38. Na2 Kc6 39. Ra7 Re8 40.
e7 Bf6 41. Bf8 d4 42. Nb4+ Kd6 43. Ra6+ Ke5 44. Nd3+ Kf5 45. g4+ Ke4 46. Nc5+
Kd5 47. Nd7 Bxe7 48. Bg7 d3 0-1

[Event "Titled Tue 3rd Jan Late"]
[Site "chess.com INT"]
[Date "2025.06.03"]
[Round "10"]
[White "Vlassov, Nikolai"]
[Black "Sethuraman, Roshan"]
[Result "1-0"]
[WhiteTitle "IM"]
[WhiteElo "2291"]
[BlackElo "2074"]
[WhiteFideId "4103360"]
[BlackFideId "30965250"]
[EventDate "2025.06.03"]

1. e4 c5 2. c3 d5 3. exd5 Qxd5 4. d4 Nc6 5. Nf3 Nf6 6. Be3 Bf5 7. dxc5 Qxd1+ 8.
Kxd1 O-O-O+ 9. Kc1 Ng4 10. Bb5 Nxe3 11. fxe3 f6 12. Bxc6 bxc6 13. Nd4 Be4 14.
Nd2 Bxg2 15. Rg1 Bd5 16. e4 e5 17. exd5 exd4 18. d6 dxc3 19. bxc3 g6 20. Nb3 Kd7
21. Kc2 Bh6 22. Nd4 Rhe8 23. Rab1 Rb8 24. Rb3 a6 25. Rgb1 Rb5 26. Nxb5 axb5 27.
a4 Re2+ 28. Kd1 Rd2+ 29. Ke1 bxa4 30. Rb7+ Ke6 31. Rxh7 Bg5 32. h4 Rh2 33. d7 f5
34. hxg5 Rxh7 35. d8=Q Rh1+ 36. Kd2 Rxb1 37. Qd6+ Kf7 38. Qf6+ Ke8 39. Qxg6+ Kd8
40. Qd6+ Kc8 41. Qxc6+ Kb8 42. Qxa4 f4 43. Qxf4+ Kb7 44. Qe4+ Ka6 45. Qxb1 Ka7
46. c6 Ka8 47. Qb7# 1-0

[Event "Titled Tue 3rd Jan Late"]
[Site "chess.com INT"]
[Date "2025.06.03"]
[Round "10"]
[White "Yushko, Olga"]
[Black "Ngo, Quang Thai"]
[Result "1-0"]
[WhiteTitle "WFM"]
[WhiteElo "2036"]
[BlackElo "2341"]
[WhiteFideId "14114500"]
[BlackFideId "12403768"]
[EventDate "2025.06.03"]

1. d4 Nf6 2. c4 e6 3. Nc3 Bb4 4. f3 c5 5. e3 cxd4 6. exd4 d5 7. a3 Bxc3+ 8. bxc3
O-O 9. Bd3 dxc4 10. Bxc4 Qc7 11. Qd3 Bd7 12. Bg5 Rc8 13. Bb3 Qxc3+ 14. Qxc3 Rxc3
15. Bd1 Nc6 16. Ne2 Rd3 17. Bc2 Rxd4 18. Nxd4 Nxd4 19. Bd1 Nd5 20. O-O f6 21.
Bd2 e5 22. Rb1 Bc6 23. a4 Rd8 24. a5 a6 25. Re1 Kf7 26. Rb2 Bb5 27. Bc1 Rc8 28.
Bd2 Nc3 29. Kf2 Rc5 30. Be3 Bc6 31. Bd2 Nd5 32. Be2 g5 33. Reb1 h5 34. Bd3 Ke6
35. Be4 f5 36. Bd3 1-0

[Event "Titled Tue 3rd Jan Late"]
[Site "chess.com INT"]
[Date "2025.06.03"]
[Round "10"]
[White "Sobek, Jaroslav"]
[Black "Noy, Eyal"]
[Result "0-1"]
[WhiteTitle "FM"]
[BlackTitle "FM"]
[WhiteElo "2195"]
[BlackElo "2346"]
[WhiteFideId "301388"]
[BlackFideId "2821117"]
[EventDate "2025.06.03"]

1. d4 d5 2. c4 dxc4 3. Nf3 Nf6 4. e3 e6 5. Bxc4 c5 6. O-O a6 7. dxc5 Bxc5 8.
Qxd8+ Kxd8 9. Rd1+ Ke8 10. Nc3 Ke7 11. Bd2 b5 12. Be2 Bb7 13. Be1 Nbd7 14. Rac1
Rhc8 15. a3 Nb6 16. b4 Bd6 17. Nd4 Nc4 18. Bxc4 Rxc4 19. Nb3 Rc7 20. Na5 Bc8 21.
Ne2 Bd7 22. Nd4 Rac8 23. Rxc7 Rxc7 24. f3 Nd5 25. e4 Ne3 26. Rd3 Nc2 27. Nxc2
Rxc2 28. Bg3 e5 29. Nb7 Bc7 30. Bf2 Be6 31. Nc5 Bc8 32. g4 Rb2 33. h4 a5 34. h5
axb4 35. axb4 Rxb4 36. Rc3 Rb1+ 37. Kg2 b4 38. Rc2 Bd6 39. Nd3 Be6 40. Bc5 b3 0-1

[Event "Titled Tue 3rd Jan Late"]
[Site "chess.com INT"]
[Date "2025.06.03"]
[Round "10"]
[White "Torosyan, Volodya"]
[Black "Schnaider, Ilan"]
[Result "0-1"]
[WhiteTitle "CM"]
[BlackTitle "IM"]
[WhiteElo "2186"]
[BlackElo "2388"]
[WhiteFideId "13319051"]
[BlackFideId "169013"]
[EventDate "2025.06.03"]

1. e4 c5 2. c3 e5 3. Nf3 Nc6 4. Bc4 Nf6 5. d3 h6 6. O-O d6 7. Re1 Be6 8. Nbd2
Be7 9. Nf1 O-O 10. Ne3 Na5 11. Bd5 Nxd5 12. exd5 Bd7 13. g4 b5 14. b4 Nb7 15.
Bd2 a5 16. a3 f5 17. gxf5 Bxf5 18. Nxf5 Rxf5 19. Re4 axb4 20. cxb4 Qf8 21. Kg2
Qf7 22. Rg4 Rf8 23. Bxh6 Bf6 24. Rg3 Qxd5 25. Qe2 c4 26. Rd1 cxd3 27. Rxd3 Qc6
28. Qa2+ Kh7 29. Bd2 Qc4 30. Rb3 d5 31. Be1 e4 32. Ng1 Be5 33. Rh3+ Kg8 34. Qd2
Bf4 35. Qd1 Rg5+ 36. Kh1 Qf1 37. Rhg3 Bxg3 38. fxg3 Rf2 0-1

[Event "Titled Tue 3rd Jan Late"]
[Site "chess.com INT"]
[Date "2025.06.03"]
[Round "10"]
[White "Bortnyk, Olexandr"]
[Black "Ibarra Jerez, Jose Carlos"]
[Result "1-0"]
[WhiteTitle "GM"]
[BlackTitle "GM"]
[WhiteElo "2601"]
[BlackElo "2545"]
[WhiteFideId "14120828"]
[BlackFideId "2226332"]
[EventDate "2025.06.03"]

1. e4 e5 2. Nf3 Nc6 3. Nc3 Nf6 4. Nd5 Be7 5. Bd3 Nxd5 6. exd5 Nb4 7. Nxe5 Bf6 8.
Qe2 O-O 9. Ng4 Re8 10. Ne3 Nxd3+ 11. Qxd3 d6 12. O-O g6 13. Rb1 c5 14. b4 Qb6
15. Bb2 Bxb2 16. Rxb2 cxb4 17. a3 a5 18. Rfb1 Bd7 19. axb4 a4 20. h3 Rac8 21.
Ra1 f5 22. b5 Re4 23. c4 Rd4 24. Qe2 f4 25. Ng4 Bxg4 26. Qxg4 Rdxc4 27. Rxa4
Rc1+ 28. Kh2 Qxf2 29. Rxf4 Qg1+ 30. Kg3 Qe1+ 31. Rf2 Rf8 32. Qe6+ Qxe6 33. dxe6
Re1 34. Rc2 Rxe6 35. Rc7 b6 36. Rb7 Re5 37. Rxf8+ Kxf8 38. Rxb6 Rd5 39. Rb8+ Ke7
40. b6 Kf7 41. b7 1-0

[Event "Titled Tue 3rd Jan Late"]
[Site "chess.com INT"]
[Date "2025.06.03"]
[Round "10"]
[White "Buchenau, Frank"]
[Black "Hernandez Leon, Sergio"]
[Result "0-1"]
[WhiteTitle "FM"]
[BlackTitle "CM"]
[WhiteElo "2190"]
[BlackElo "2106"]
[WhiteFideId "4604350"]
[BlackFideId "2285622"]
[EventDate "2025.06.03"]

1. e4 c5 2. g3 Nc6 3. Bg2 g6 4. Ne2 Bg7 5. c3 e5 6. d3 Nge7 7. Be3 b6 8. d4 d6
9. d5 Nb8 10. O-O O-O 11. a4 f5 12. f3 a6 13. Na3 Nd7 14. b4 Nf6 15. bxc5 bxc5
16. Rb1 fxe4 17. fxe4 Ng4 18. Bg5 h6 19. Bd2 Bd7 20. h3 Rxf1+ 21. Qxf1 Nf6 22.
Qd1 Ne8 23. Nc4 Rb8 24. a5 Rxb1 25. Qxb1 Bb5 26. Qb3 Bxc4 27. Qxc4 Qxa5 28. Nc1
Qb5 29. Bf1 Nc7 30. Qa2 Qb7 31. Nb3 Nb5 32. Nxc5 Qb6 33. Be3 Nxc3 34. Qc2 Nxe4
35. Qxe4 dxc5 36. Bc4 Qd6 37. Qd3 Nf5 38. Bf2 Nd4 39. Qa3 Nb5 40. Qa5 e4 41.
Bxb5 axb5 42. Qxb5 Bd4 43. Qe8+ Kg7 44. Qxe4 Qxg3+ 45. Kh1 Qxh3+ 46. Kg1 Qg3+
47. Kh1 Qxf2 48. Qe7+ Qf7 0-1

[Event "Titled Tue 3rd Jan Late"]
[Site "chess.com INT"]
[Date "2025.06.03"]
[Round "10"]
[White "Drozdowski, Kacper"]
[Black "Mikhalevski, Victor"]
[Result "0-1"]
[WhiteTitle "IM"]
[BlackTitle "GM"]
[WhiteElo "2450"]
[BlackElo "2513"]
[WhiteFideId "1136720"]
[BlackFideId "2801914"]
[EventDate "2025.06.03"]

1. e4 e5 2. Nf3 Nc6 3. Bc4 Bc5 4. c3 Nf6 5. d3 h6 6. Bb3 d6 7. h3 a6 8. Nbd2 Ba7
9. Nf1 O-O 10. Ng3 d5 11. Qe2 Be6 12. Nh2 Na5 13. Bc2 dxe4 14. dxe4 Bc4 15. Qf3
Nh7 16. Ng4 Ng5 17. Bxg5 Qxg5 18. Nf5 Nc6 19. Bb3 Bxb3 20. axb3 h5 21. Nge3 g6
22. h4 Qf4 23. Ng3 Qxf3 24. gxf3 Nd8 25. Rg1 Kh7 26. Rd1 Ne6 27. b4 Rad8 28. Ne2
c6 29. Rxd8 Rxd8 30. Nc4 f6 31. Na5 Rd3 32. Rg3 Rd7 33. Rg1 Kg7 34. Rg3 Kf7 35.
Rg1 Bb6 36. Nc4 Bc7 37. Ne3 b5 38. Ng2 Rd3 39. Ne3 Bb6 40. Nc1 Rxe3+ 41. fxe3
Bxe3 42. Rh1 Bxc1 43. Ke2 Nf4+ 44. Kd1 Be3 45. Kc2 Bf2 46. Ra1 Ke6 47. Rxa6 Kd6
48. c4 bxc4 49. b5 Kc5 50. b6 Kd6 51. b7 Kc7 52. Rxc6+ Kxb7 53. Rxf6 Bxh4 54.
Rd6 Bg3 55. Kc3 h4 56. Kxc4 h3 57. Rd1 h2 58. Rh1 Nh3 59. Kd5 Nf2 60. Rf1 h1=Q
61. Rxh1 Nxh1 62. Ke6 g5 63. Kf5 Bf4 0-1

[Event "Titled Tue 3rd Jan Late"]
[Site "chess.com INT"]
[Date "2025.06.03"]
[Round "10"]
[White "Ferrara, Enzo"]
[Black "Navoyan, Gagik"]
[Result "1-0"]
[BlackTitle "CM"]
[WhiteElo "2138"]
[BlackElo "2186"]
[WhiteFideId "137731"]
[BlackFideId "13314866"]
[EventDate "2025.06.03"]

1. d4 Nf6 2. c4 e6 3. Nc3 d5 4. Nf3 Be7 5. g3 O-O 6. Bg2 dxc4 7. Ne5 Nc6 8. Nxc6
bxc6 9. Qa4 Nd5 10. Qxc4 Bb7 11. O-O a5 12. Rd1 Ba6 13. Qxc6 Nxc3 14. bxc3 Ra7
15. Qf3 c5 16. Ba3 Rd7 17. e3 e5 18. dxe5 Bd3 19. Qc6 c4 20. e6 Rc7 21. Bxe7
Qxe7 22. exf7+ Rxf7 23. Qa8+ Rf8 24. Qxa5 Kh8 25. e4 Qf7 26. f4 Rb8 27. Rd2 h6
28. Re1 Rcb7 29. e5 Rb1 30. Rxb1 Rxb1+ 31. Kf2 Qh5 32. Qd8+ Kh7 33. Rxd3 Qxh2
34. Rd2 Qg1+ 35. Kf3 Re1 36. Qd4 Qh2 37. Qxc4 h5 38. Qd3+ Kh6 39. Qd6+ Kh7 40.
Qd3+ Kh6 41. Qf5 Rc1 42. Qg5+ Kh7 43. Qf5+ Kg8 44. Rd8# 1-0

[Event "Titled Tue 3rd Jan Late"]
[Site "chess.com INT"]
[Date "2025.06.03"]
[Round "10"]
[White "Lacasa Diaz, Josep Anton"]
[Black "Dogan, Umut Anil"]
[Result "0-1"]
[WhiteTitle "IM"]
[BlackTitle "CM"]
[WhiteElo "2304"]
[BlackElo "2123"]
[WhiteFideId "2203375"]
[BlackFideId "51618060"]
[EventDate "2025.06.03"]

1. e4 c6 2. d4 d5 3. e5 Bf5 4. Nf3 e6 5. Be2 Ne7 6. O-O Nd7 7. c3 h6 8. Nbd2 g5
9. Ne1 Bg7 10. Nd3 b6 11. b4 Rc8 12. f4 Ng6 13. fxg5 hxg5 14. Nf3 g4 15. Ng5 Bh6
16. Nxf7 Kxf7 17. Bxg4 Bxc1 18. Qxc1 Qh4 19. h3 Ne7 20. Qf4 Rcg8 21. Bxf5 Nxf5
22. Qxh4 Rxh4 23. Nf4 Ke7 24. Rf3 c5 25. bxc5 bxc5 26. Nxd5+ exd5 27. Rxf5 cxd4
28. cxd4 Rxd4 29. Raf1 Rd2 30. g4 Rc8 31. Rf7+ Ke6 32. Rh7 Rcc2 33. Rh6+ Kxe5
34. Re1+ Kd4 35. Rd6 Nc5 36. g5 Ne4 37. Rd8 Rg2+ 0-1

[Event "Titled Tue 3rd Jan Late"]
[Site "chess.com INT"]
[Date "2025.06.03"]
[Round "10"]
[White "George, Kevin"]
[Black "Rustemov, Alexander"]
[Result "0-1"]
[WhiteTitle "IM"]
[BlackTitle "GM"]
[WhiteElo "2301"]
[BlackElo "2525"]
[WhiteFideId "10669515"]
[BlackFideId "4119002"]
[EventDate "2025.06.03"]

1. d4 g6 2. e4 Bg7 3. Nc3 d6 4. Be3 a6 5. Qd2 b5 6. f3 Nd7 7. O-O-O Bb7 8. h4 h6
9. Nh3 e6 10. Nf4 Ne7 11. Bd3 c5 12. dxc5 dxc5 13. Be2 Qc7 14. Qd6 Qxd6 15. Rxd6
Be5 16. Rd2 O-O-O 17. Rhd1 Nc6 18. g4 Bd4 19. Bg1 Bxg1 20. Rxg1 g5 21. Nh5 Nde5
22. Rxd8+ Kxd8 23. hxg5 hxg5 24. Kd2 Nd4 25. Rf1 Ke7 26. Bd1 f5 27. Ke3 Nc4+ 28.
Kf2 fxg4 29. b3 Rxh5 30. bxc4 gxf3 31. cxb5 axb5 32. Kg3 b4 33. Na4 Kd6 34. Bxf3
Nxf3 35. Kxf3 Rh3+ 36. Kg4 Ra3 37. Nb6 Rxa2 38. Nc4+ Ke7 39. Rd1 Bxe4 40. Kxg5
Rxc2 41. Ne5 Bd5 42. Ra1 Kd6 0-1

[Event "Titled Tue 3rd Jan Late"]
[Site "chess.com INT"]
[Date "2025.06.03"]
[Round "10"]
[White "Kiseleva, Arina"]
[Black "Winkels, Marcel"]
[Result "0-1"]
[WhiteTitle "WCM"]
[BlackTitle "CM"]
[WhiteElo "1994"]
[BlackElo "1918"]
[WhiteFideId "4164989"]
[BlackFideId "1003887"]
[EventDate "2025.06.03"]

1. d4 Nf6 2. Nf3 c5 3. e3 g6 4. Be2 Bg7 5. O-O O-O 6. c3 d6 7. Nbd2 b6 8. a4 a6
9. Re1 Bb7 10. b4 cxb4 11. cxb4 Nbd7 12. Qb3 Rc8 13. Bb2 Rc7 14. Rac1 Qb8 15.
Rxc7 Qxc7 16. Rc1 Qb8 17. h3 Rc8 18. Ng5 e6 19. Bf3 h6 20. Nge4 Rxc1+ 21. Bxc1
Qc7 22. Bb2 Bd5 23. Nxf6+ Nxf6 24. Bxd5 Nxd5 25. b5 a5 26. Qc4 Qb7 27. e4 Ne7
28. f3 d5 29. exd5 Nxd5 30. Ne4 Qe7 31. Qc6 Qb4 32. Qe8+ Kh7 33. Bc1 f5 34. Qxe6
Qc4 35. Bd2 fxe4 36. fxe4 Ne3 0-1

[Event "Titled Tue 3rd Jan Late"]
[Site "chess.com INT"]
[Date "2025.06.03"]
[Round "10"]
[White "Akhayan, Ruben"]
[Black "Jagirapu, Harshin Reddy"]
[Result "1-0"]
[WhiteTitle "FM"]
[WhiteElo "2265"]
[BlackElo "2042"]
[WhiteFideId "204439"]
[BlackFideId "39910679"]
[EventDate "2025.06.03"]

1. Nf3 d5 2. d4 Nf6 3. Bf4 c5 4. e3 Nc6 5. c3 Qb6 6. Qb3 c4 7. Qc2 Bf5 8. Qc1 e6
9. Be2 Be7 10. O-O O-O 11. h3 h6 12. Nbd2 Qd8 13. Ne5 Rc8 14. f3 b5 15. a3 a5
16. Bd1 Nd7 17. Nxc6 Rxc6 18. Bc2 Bxc2 19. Qxc2 Nb6 20. e4 Bg5 21. Bxg5 Qxg5 22.
f4 Qg6 23. f5 exf5 24. exf5 Qd6 25. f6 g6 26. Nf3 Nd7 27. Rae1 Rcc8 28. Ne5 Nxe5
29. dxe5 Qe6 30. Qd2 Kh7 31. Rf4 h5 32. Rh4 Qf5 33. Qe3 Rce8 34. g4 Qd3 35. gxh5
g5 36. Qxd3+ cxd3 37. Rd4 Re6 38. Rxd3 Rfe8 39. Rxd5 Rxf6 40. exf6 Rxe1+ 41. Kf2
Re6 42. Rxg5 Rxf6+ 43. Ke3 b4 44. axb4 axb4 45. cxb4 Rb6 46. b5 Kh6 47. Rf5 f6
48. Kd4 Kg7 49. Kc5 Rb8 50. b6 Kf7 51. Kc6 Ke6 1-0

[Event "Titled Tue 3rd Jan Late"]
[Site "chess.com INT"]
[Date "2025.06.03"]
[Round "10"]
[White "Toktomushev, Teimur"]
[Black "Alekseev, Evgeny"]
[Result "1-0"]
[WhiteTitle "FM"]
[BlackTitle "GM"]
[WhiteElo "2398"]
[BlackElo "2516"]
[WhiteFideId "14176726"]
[BlackFideId "4138147"]
[EventDate "2025.06.03"]

1. d4 Nf6 2. c4 e6 3. Nf3 d5 4. Nc3 Bb4 5. Qa4+ Nc6 6. e3 O-O 7. Qc2 b6 8. Bd2
Bb7 9. a3 Bd6 10. Bd3 dxc4 11. Bxc4 e5 12. O-O exd4 13. exd4 Nxd4 14. Nxd4 Bxh2+
15. Kxh2 Qxd4 16. Be2 Rfe8 17. Be3 Qh4+ 18. Kg1 Re5 19. Qa4 Ne4 20. Bf3 Rae8 21.
Rfd1 a6 22. Nxe4 Bxe4 23. Bxe4 Rxe4 24. Rd4 Rxd4 25. Qxd4 Qxd4 26. Bxd4 f6 27.
Rc1 Re7 28. f3 Kf7 29. Kf2 h5 30. Be3 Ke6 31. Bf4 c5 32. Re1+ Kd7 33. Rxe7+ Kxe7
34. Bc7 b5 35. Ke3 Kd7 36. Bh2 Ke6 37. Ke4 a5 38. Bg1 1-0

[Event "Titled Tue 3rd Jan Late"]
[Site "chess.com INT"]
[Date "2025.06.03"]
[Round "10"]
[White "Swara Lakshmi S Nair"]
[Black "Chekletsov, Ilya"]
[Result "0-1"]
[WhiteTitle "WCM"]
[BlackTitle "IM"]
[WhiteElo "2178"]
[BlackElo "2338"]
[WhiteFideId "25629239"]
[BlackFideId "24177156"]
[EventDate "2025.06.03"]

1. e4 c5 2. Nf3 d6 3. d4 cxd4 4. Qxd4 Nc6 5. Qe3 g6 6. Be2 Bg7 7. O-O Nf6 8. c4
O-O 9. Nc3 Be6 10. Rb1 Re8 11. b3 a6 12. Bb2 h5 13. Rfd1 Qa5 14. h3 Rab8 15.
Rbc1 Rec8 16. Rd2 b5 17. cxb5 axb5 18. Nd5 Bxd5 19. exd5 Nxd5 20. Rxd5 Bxb2 21.
Rc2 Nb4 22. Rxc8+ Rxc8 23. Rd2 Bc1 24. Qxe7 Bxd2 25. Nxd2 Qd8 26. Qe4 Nxa2 27.
Bxb5 Nc3 28. Qd3 Nxb5 29. Qxb5 d5 30. b4 d4 31. Qa5 Qxa5 32. bxa5 Rc2 33. Ne4 d3
34. Kf1 Rc1# 0-1

[Event "Titled Tue 3rd Jan Late"]
[Site "chess.com INT"]
[Date "2025.06.03"]
[Round "10"]
[White "Khanbutaev, Artemii"]
[Black "Walmer, Benjamin"]
[Result "0-1"]
[WhiteElo "2059"]
[BlackElo "1990"]
[WhiteFideId "55747175"]
[BlackFideId "30958164"]
[EventDate "2025.06.03"]

1. d4 d5 2. c4 e6 3. Nf3 Nf6 4. g3 dxc4 5. Bg2 Bb4+ 6. Nc3 b5 7. O-O c6 8. Ne5
Nd5 9. Qc2 Bb7 10. e4 Nb6 11. Rd1 N8d7 12. d5 cxd5 13. Nxd7 Qxd7 14. exd5 exd5
15. Be3 O-O 16. Bxb6 Bxc3 17. Qxc3 axb6 18. Qd4 Qc7 19. Bxd5 Rad8 20. Qe4 Rfe8
21. Qg2 Rxd5 22. Rxd5 h6 23. Rad1 Qc6 24. f3 b4 25. Qd2 c3 26. bxc3 bxc3 27. Qc2
b5 28. Rd8 Qb6+ 29. Qf2 Rxd8 30. Qxb6 Rxd1+ 31. Kf2 c2 32. Qd8+ Rxd8 33. Ke3
c1=Q+ 34. Ke2 Rd2+ 35. Ke3 Qc3+ 36. Kf4 Qd4+ 37. Kf5 Qf6+ 38. Kg4 Bc8+ 39. Kh5
Qg5# 0-1

[Event "Titled Tue 3rd Jan Late"]
[Site "chess.com INT"]
[Date "2025.06.03"]
[Round "10"]
[White "Sjugirov, Sanan"]
[Black "Woodward, Andy"]
[Result "0-1"]
[WhiteTitle "GM"]
[BlackTitle "GM"]
[WhiteElo "2638"]
[BlackElo "2547"]
[WhiteFideId "4189302"]
[BlackFideId "30953499"]
[EventDate "2025.06.03"]

1. e4 e5 2. Nf3 Nc6 3. Bb5 a6 4. Ba4 d6 5. O-O Bd7 6. c4 g6 7. Nc3 Bg7 8. Bxc6
Bxc6 9. d4 Ne7 10. Re1 h6 11. Be3 O-O 12. dxe5 dxe5 13. Nd5 Re8 14. Qd2 Kh7 15.
Rad1 f5 16. Qb4 fxe4 17. Nf6+ Bxf6 18. Rxd8 Raxd8 19. Nd2 Nf5 20. Nf1 Rd3 21.
Ng3 Nd4 22. Rc1 Rd8 23. h3 Nf5 24. Nf1 Rd1 25. Rxd1 Rxd1 26. Qb3 Ra1 27. Qc2 Nd4
28. Qd2 Bg7 29. b3 Bd7 30. Qb2 Rd1 31. Bxd4 exd4 32. Qe2 Ra1 33. Qxe4 Bf5 34.
Qf3 Re1 35. g4 Be4 36. Qf4 Bd3 37. Qxc7 Bxf1 38. Kh2 d3 39. Qd7 Re4 0-1

[Event "Titled Tue 3rd Jan Late"]
[Site "chess.com INT"]
[Date "2025.06.03"]
[Round "10"]
[White "Nguyen Hong Nhung"]
[Black "Wael Sabry, Mina"]
[Result "1-0"]
[WhiteTitle "WFM"]
[BlackTitle "FM"]
[WhiteElo "2197"]
[BlackElo "2094"]
[WhiteFideId "12412201"]
[BlackFideId "10670173"]
[EventDate "2025.06.03"]

1. e4 c5 2. Nc3 e6 3. f4 Nc6 4. Nf3 Nf6 5. Bb5 Qc7 6. Bxc6 Qxc6 7. d3 b6 8. O-O
d5 9. f5 dxe4 10. Ne5 Qc7 11. Bf4 Bd6 12. Nb5 Qb8 13. Nc6 Bxf4 14. Nxb8 Bxb8 15.
dxe4 O-O 16. Nd6 Rd8 17. e5 Bxd6 18. exd6 exf5 19. Qf3 Be6 20. Rad1 Rab8 21.
Rfe1 Rd7 22. Qc6 Rbd8 23. a3 h5 24. b4 cxb4 25. axb4 Ne4 26. Rxe4 fxe4 27. c4
Bg4 28. Rd4 e3 29. c5 f5 30. h3 e2 31. Kf2 Re8 32. Ke1 Rdd8 33. hxg4 fxg4 34.
Qd5+ Kh7 35. Qxh5+ Kg8 36. Qd5+ Kh7 37. Rxg4 bxc5 38. bxc5 Rb8 39. Rh4+ Kg6 40.
Qd3+ Kg5 41. Re4 Rf8 42. Rxe2 a5 43. d7 a4 44. c6 Rb3 45. Qd5+ Kh6 46. d8=Q Rxd8
47. Qxd8 a3 48. Re6+ g6 49. Qh4+ Kg7 50. Re7+ Kf8 51. Qf6+ Kg8 52. Qg7# 1-0

[Event "Titled Tue 3rd Jan Late"]
[Site "chess.com INT"]
[Date "2025.06.03"]
[Round "10"]
[White "Schuster, Karsten"]
[Black "Andrews, Todd"]
[Result "0-1"]
[WhiteTitle "FM"]
[BlackTitle "FM"]
[WhiteElo "2266"]
[BlackElo "2097"]
[WhiteFideId "4611071"]
[BlackFideId "2012456"]
[EventDate "2025.06.03"]

1. d4 Nf6 2. c4 c5 3. d5 b5 4. cxb5 a6 5. bxa6 g6 6. b3 Bg7 7. Bb2 O-O 8. g3
Bxa6 9. Bg2 d6 10. Nh3 Nbd7 11. O-O Qa5 12. Bc3 Qb5 13. Re1 Bb7 14. e4 Ba6 15.
Nf4 Rfb8 16. Nd2 g5 17. Nh3 h6 18. Bf1 Qb7 19. Nc4 Bxc4 20. bxc4 Ra3 21. Qc1
Rba8 22. f4 Rxc3 23. Qxc3 Nxd5 24. Qd2 Bd4+ 25. Kh1 Ne3 26. Rxe3 Bxa1 27. fxg5
Bd4 28. Rb3 Qxe4+ 29. Bg2 Rxa2 30. Bxe4 Rxd2 31. gxh6 e6 32. h7+ Kg7 33. Nf4 Nf6
34. Nh5+ Nxh5 35. Rb8 Kh6 36. h8=Q+ Bxh8 37. Rxh8+ Kg5 38. Bf3 Nf6 39. h4+ Kf5
40. h5 Ne4 41. Bxe4+ Kxe4 42. h6 Kf5 0-1

[Event "Titled Tue 3rd Jan Late"]
[Site "chess.com INT"]
[Date "2025.06.03"]
[Round "10"]
[White "Minko, Dmitry"]
[Black "Brancaleoni, Maurizio"]
[Result "1-0"]
[WhiteTitle "FM"]
[BlackTitle "FM"]
[WhiteElo "2247"]
[BlackElo "2185"]
[WhiteFideId "24188468"]
[BlackFideId "803022"]
[EventDate "2025.06.03"]

1. e4 c6 2. d4 d5 3. exd5 cxd5 4. Bd3 Nc6 5. c3 Nf6 6. Bf4 Bg4 7. Qb3 Qd7 8. Nd2
e6 9. Ngf3 Bd6 10. Bxd6 Qxd6 11. h3 Bxf3 12. Nxf3 O-O 13. O-O Qc7 14. Rfe1 Rab8
15. a3 b5 16. Qc2 a5 17. Ne5 g6 18. Qe2 b4 19. axb4 axb4 20. Rec1 Nxe5 21. dxe5
Nd7 22. cxb4 Qxe5 23. b5 Qxe2 24. Bxe2 Nb6 25. Ra7 Nc4 26. b3 Nd6 27. Ra5 Rb7
28. Rc6 Rd8 29. b6 Ne8 30. Ra7 Rbb8 31. b7 Kf8 32. Ba6 Ke7 33. Rc8 Nd6 34. Ra8
Rbxc8 35. bxc8=Q Nxc8 36. Rxc8 Rd6 37. Be2 d4 38. b4 d3 39. Bd1 1-0